|
|
|
|
| LEADER |
01831cas a2200241 a 4500 |
| 001 |
AALejournalIMF013191 |
| 008 |
230101c9999 xx r poo 0 0eng d |
| 020 |
|
|
|c 5.00 USD
|
| 020 |
|
|
|z 9781475587319
|
| 022 |
|
|
|a 1934-7685
|
| 040 |
|
|
|a BD-DhAAL
|c BD-DhAAL
|
| 110 |
2 |
|
|a International Monetary Fund.
|
| 245 |
1 |
0 |
|a Australia :
|b Financial Safety Net and Crisis Management Framework-Technical Note.
|
| 264 |
|
1 |
|a Washington, D.C. :
|b International Monetary Fund,
|c 2012.
|
| 300 |
|
|
|a 1 online resource (46 pages)
|
| 490 |
1 |
|
|a IMF Staff Country Reports
|
| 500 |
|
|
|a <strong>Off-Campus Access:</strong> No User ID or Password Required
|
| 500 |
|
|
|a <strong>On-Campus Access:</strong> No User ID or Password Required
|
| 506 |
|
|
|a Electronic access restricted to authorized BRAC University faculty, staff and students
|
| 520 |
3 |
|
|a Australia has a history of few bank failures, even fewer financial crises, and its banking sector emerged from the global financial crisis relatively well.1 With an eye toward international developments, the Australian authorities have taken commendable steps to strengthen the financial safety net and crisis management framework over the last several years. The Government's well-coordinated response to the global financial crisis included adopting significant legislative changes in October 2008 to put in place guarantee arrangements for retail deposits, among other enhancements to the financial safety net and crisis management framework. Further improvements were made in June 2010 and the Government is currently pursuing additional legislative changes.
|
| 538 |
|
|
|a Mode of access: Internet
|
| 830 |
|
0 |
|a IMF Staff Country Reports; Country Report ;
|v No. 2012/310
|
| 856 |
4 |
0 |
|z Full text available on IMF
|u http://elibrary.imf.org/view/journals/002/2012/310/002.2012.issue-310-en.xml
|z IMF e-Library
|